Từ điển Anh - Việt thương mại - Tài chính thông dụng 14.500 mục sử dụng từ
v...v
Đã lưu trong:
| Tác giả chính: | |
|---|---|
| Định dạng: | Sách |
| Năm xuất bản: |
H.
Khoa học kỷ thuật
1996
|
| Chủ đề: | |
| Tags: |
Thêm thẻ
Không có thẻ, Hãy là người đầu tiên gắn thẻ bản ghi này!
|
| LEADER | 00971nam a2200217 4500 | ||
|---|---|---|---|
| 082 | |a 428.003 |b T550đ | ||
| 100 | |a . | ||
| 245 | |a Từ điển Anh - Việt thương mại - Tài chính thông dụng |c . |b 14.500 mục sử dụng từ | ||
| 260 | |a H. |b Khoa học kỷ thuật |c 1996 | ||
| 300 | |a 349 tr. |c 21 cm | ||
| 520 | |a v...v | ||
| 653 | |a Ngôn ngữ | ||
| 653 | |a Tiếng Anh | ||
| 653 | |a Tiếng Việt | ||
| 653 | |a Thương mại | ||
| 653 | |a Tài chính | ||
| 653 | |a Từ điển | ||
| 942 | |2 ddc |c STK0 | ||
| 999 | |c 5248 |d 5248 | ||
| 952 | |0 0 |1 0 |2 ddc |4 0 |6 428_003000000000000_T550Đ |7 0 |8 400 |9 50643 |a qbu |b qbu |c D4 |d 2014-12-21 |g 30000 |o 428.003 T550đ |p 3104.C1 |r 0000-00-00 |w 2014-12-21 |y STK0 |0 0 |6 428_003000000000000_T550Đ |0 0 |6 428_003000000000000_T550Đ | ||
| 952 | |0 0 |1 0 |2 ddc |4 0 |6 428_003000000000000_T550Đ |7 0 |8 400 |9 50644 |a qbu |b qbu |c D4 |d 2014-12-21 |g 30000 |o 428.003 T550đ |p 3104.C2 |r 0000-00-00 |w 2014-12-21 |y STK0 |0 0 |6 428_003000000000000_T550Đ |0 0 |6 428_003000000000000_T550Đ | ||